ARRUPE JESUIT UNIVERSITY

CORONAVIRUS -STOP THE SPREAD - CLEAN,DISINFECT,COVER

Punishing the poor : (Record no. 128379)

MARC details
000 -LEADER
fixed length control field 01005nam a2200313 a 4500
001 - CONTROL NUMBER
control field 1027636
003 - CONTROL NUMBER IDENTIFIER
control field ARRUPE
005 - DATE AND TIME OF LATEST TRANSACTION
control field 20181012115730.0
008 - FIXED-LENGTH DATA ELEMENTS--GENERAL INFORMATION
fixed length control field 900217s1988 enka bs 000 0 eng
010 ## - LIBRARY OF CONGRESS CONTROL NUMBER
LC control number 88166535
020 ## - INTERNATIONAL STANDARD BOOK NUMBER
International Standard Book Number 0855980907 :
Terms of availability £14.95
020 ## - INTERNATIONAL STANDARD BOOK NUMBER
International Standard Book Number 0855980893 (pbk.)
040 ## - CATALOGING SOURCE
Original cataloging agency DLC
Transcribing agency DLC
Modifying agency DLC
043 ## - GEOGRAPHIC AREA CODE
Geographic area code a-cb---
050 00 - LIBRARY OF CONGRESS CALL NUMBER
Classification number HC442
Item number .M97 1988
082 00 - DEWEY DECIMAL CLASSIFICATION NUMBER
Classification number 338.9/1/09596
Edition number 20
300 ## - PHYSICAL DESCRIPTION
Other physical details ill. ;
Dimensions 22 cm.
100 1# - MAIN ENTRY--PERSONAL NAME
Personal name Mysliwiec, Eva.
9 (RLIN) 42916
245 10 - TITLE STATEMENT
Title Punishing the poor :
Remainder of title the international isolation of Kampuchea /
Statement of responsibility, etc Eva Mysliwiec.
260 ## - PUBLICATION, DISTRIBUTION, ETC. (IMPRINT)
Place of publication, distribution, etc Oxford, UK :
Name of publisher, distributor, etc Oxfam,
Date of publication, distribution, etc 1988.
300 ## - PHYSICAL DESCRIPTION
Extent xiii, 172 p. :
500 ## - GENERAL NOTE
General note "Kampuchea"--Cover.
504 ## - BIBLIOGRAPHY, ETC. NOTE
Bibliography, etc Includes bibliographical references (p. 172)
650 #0 - SUBJECT ADDED ENTRY--TOPICAL TERM
Topical term or geographic name as entry element Economic assistance
Geographic subdivision Cambodia.
9 (RLIN) 42917
650 #0 - SUBJECT ADDED ENTRY--TOPICAL TERM
Topical term or geographic name as entry element Refugees
Geographic subdivision Cambodia.
9 (RLIN) 42918
650 #0 - SUBJECT ADDED ENTRY--TOPICAL TERM
Topical term or geographic name as entry element Poor
Geographic subdivision Cambodia.
9 (RLIN) 42919
651 #0 - SUBJECT ADDED ENTRY--GEOGRAPHIC NAME
Geographic name Cambodia
General subdivision Economic conditions.
9 (RLIN) 42920
740 0# - ADDED ENTRY--UNCONTROLLED RELATED/ANALYTICAL TITLE
Uncontrolled related/analytical title Kampuchea.
906 ## - LOCAL DATA ELEMENT F, LDF (RLIN)
a 7
b cbc
c orignew
d 3
e ncip
f 19
g y-gencatlg
942 ## - ADDED ENTRY ELEMENTS (KOHA)
Source of classification or shelving scheme Library of Congress Classification
Koha item type Monograph ( Printed materials)
Holdings
Withdrawn status Lost status Source of classification or shelving scheme Damaged status Not for loan Collection code Home library Current library Shelving location Date acquired Total Checkouts Full call number Barcode Date last seen Price effective from Koha item type
    Library of Congress Classification     Main Collection ARRUPE LIBRARY ARRUPE LIBRARY Main Collection 12/10/2018   HC442 .M97 1988 46600002933 12/10/2018 12/10/2018 Monograph ( Printed materials)

 

Arrupe Library. PO Box MP320 Mt Pleasant, Harare, Zimbabwe
263 242 745411|librarian@aju.ac.zw